In pursuit of images
שמור ב:
| מחבר ראשי: | |
|---|---|
| פורמט: | ספר |
| שפה: | אנגלית |
| תגים: |
אין תגיות, היה/י הראשונ/ה לתייג את הרשומה!
|
MARC
| LEADER | 00000nam a2200000 4500 | ||
|---|---|---|---|
| 005 | 20240918181521.0 | ||
| 008 | 240731b |||||||| |||| 00| 0 eng d | ||
| 020 | |a 978-0914024248 | ||
| 040 | |c GP | ||
| 100 | |a Convento Ramirez, Efren | ||
| 245 | |a In pursuit of images | ||
| 942 | |2 ddc |c BK |n 0 | ||
| 952 | |0 0 |1 0 |2 ddc |4 0 |6 770_000000000000000_RAM |7 1 |9 1761 |a RM |b RM |d 2024-07-31 |l 0 |o 770 RAM |p 580 |r 2024-07-31 19:18:08 |w 2024-07-31 |y BK | ||
| 999 | |c 1577 |d 1577 | ||